00458nam a2200217Ia 450000500170000000800460001703700070006304000080007004000080007804000080008604100080009404100080010208400160011008400080012610000190013424500300015324500190018326000100020226000200021230000080023220260401122151.0008 250103s9999 xx 000 0 eng d aTB aEDL beng cEDL 2eng aeng a891.443 DEV qEDL aMahasveta Devi 0aTarashankar Bandyopadhyay 0cMahasveta Devi aDelhi bSahitya Akademi a79p